000 01762cam a2200457 i 4500
001 zz2005823426
003 NUKAT
005 20260427230322.0
008 050121s1910 pl 2 |000 0 pol c
035 _a(OCoLC)830137214
035 _a(NUKAT)zz2005823426
040 _aKIEL 010/GA
_bpol
_erda
_cKIEL 010/GA
_dKIEL 010/GA
_dKIEL 010/HLs
_dPOZN U/KK
_dOLSZT 008/AL
045 2 _bd1807
_bd1931
046 _k1831
100 1 _aRybarski, Roman
_d(1887-1942).
_eAutor
_91660
245 1 0 _aSprawa włościańska na sejmie w roku 1831 /
_cRoman Rybarski.
260 _aKraków :
_bskład główny w Księgarni G. Gebethnera i Ski,
_c1910
_e([Kraków] :
_fDrukarnia Uniwersytetu Jagiellońskiego).
300 _a59 stron ;
_c26 cm.
336 _aTekst
_btxt
_2rdacontent
337 _aBez urządzenia pośredniczącego
_bn
_2rdamedia
338 _aWolumin
_bnc
_2rdacarrier
380 _aKsiążki
380 _aPublikacje naukowe
388 1 _a1901-2000
388 1 _a1901-1914
500 _aOdbitka z: "Czasopismo prawnicze i ekonomiczne".
610 2 7 _aSejm Królestwa Polskiego (1830-1831)
_2DBN
_940730
610 1 4 _aKrólestwo Polskie.
_bSejm.
_2kaba
_94227
648 7 _a1801-1900
_2DBN
_936037
650 7 _aUwłaszczenie chłopów
_2DBN
_940513
650 7 _aChłopi
_zPolska
_xsytuacja społeczna
_y19 w.
_2kaba
_940511
650 7 _aChłopi
_xstatus prawny
_zPolska
_y19 w.
_2kaba
_940731
651 7 _aGalicja (kraina historyczna)
_2DBN
_935236
651 7 _aPolska
_2DBN
_935076
651 7 _aZabór pruski
_2DBN
_935237
651 7 _aZabór rosyjski
_2DBN
_935238
655 7 _aNadbitki i odbitki
_2DBN
_938727
658 _aPolityka, politologia, administracja publiczna
710 2 _aG. Gebethner i Spółka.
_eWydawca
_4pbl
_91228
942 _2ddc
_cBK_NM
999 _c27826
_d27826